000 00545nam a22001817a 4500
005 20251108164822.0
008 250721s1986 xx 000 0 ara d
082 1 4 _a811.95662/شها
100 1 _aغانم، شهاب
245 1 0 _aشواظ في العتمة :
_bشعر /
264 1 _aبيروت :
_bدار المناهل للطباعة و النشر و التوزيع،
_c1986.
300 _a95ص
650 1 7 _aالشعر العربي
650 1 7 _aالعصر الحديث
650 1 7 _aاليمن
942 _2ddc
_cBK
999 _c15127
_d15127